00906nam a2200229 a 4500001001000000003000500010005001700015008004100032010001100073011001100084040000900095100002900104245018300133260004100316500006000357502009500417650001800512650002400530650001500554650003700569856007000606000111977CHAP20220329144240.0151112s2015 mx a fsm |||||||spa d a108438 a109410 cCHAP1 aEsaú Enríquez, Tomas10aComportamiento de ovejas durante la lactancia suplentadas con minerales orgánicos e inorgánicos y ganancia de peso en sus corderosh[En línea]cpor Tomas Esaú Enríquez. aChapingo, Méx. :bEl autor,c2015. aPara ver el contenido del material haga clic en la liga aTesis (Ing. en Sistemas Pecuario) -- UACH. Unidad Regional Universitaria de Zonas Áridas14aGanado lanar.14aGanado lanarxPeso.14aLactancia.14aMinerales en nutrición animal. aFinding aiduhttp://10.13.5.2/tesis/sist111977.pdfzTeclea aquí